| 000 | 03288cam a2200337 a 4500 | ||
|---|---|---|---|
| 999 |
_c233254 _d233254 |
||
| 001 | 17003792 | ||
| 003 | Nust | ||
| 005 | 20170306110519.0 | ||
| 008 | 111014s2012 flua b 001 0 eng | ||
| 010 | _a 2011043035 | ||
| 020 | _a9781439855799 (hardcover : alk. paper) | ||
| 035 | _a(DNLM)101571134 | ||
| 040 |
_aDNLM/DLC _cASAB _dDLC |
||
| 042 | _apcc | ||
| 050 | 0 | 0 |
_aTP248.27.M53 _bF467 2012 |
| 060 | 1 | 0 | _aQW 75 |
| 082 | 0 | 0 |
_a660/.28449 _223 |
| 245 | 0 | 0 |
_aFermentation microbiology and biotechnology / _ceditors, E.M.T. El-Mansi ... [et al.]. |
| 250 | _a3rd ed. | ||
| 260 |
_aBoca Raton, FL : _bTaylor & Francis/CRC Press, _c2012. |
||
| 300 |
_axix, 535 p. : _bill. ; _c26 cm. |
||
| 504 | _aIncludes bibliographical references and index. | ||
| 505 | 0 | _aFermentation microbiology and biotechnology : a historical perspective / E.M.T. El-Mansi ... [et al.] -- Microbiology of industrial fermentation : central and modern concepts / E.M.T. EL-Mansi, F. Bruce Ward, and Arun P. Chopra -- Fermentation kinetics / Jens Nielsen -- Microbial synthesis of primary metabolites : current trends and future prospects / Arnold L. Demain and Sergio Sanchez -- Microbial and plant cell synthesis of secondary metabolites and strain improvement / Wei Zhang, Iain S. Hunter, and Raymond Tham -- Applications of metabolomics to microbial cell factories for biomanufacturing : current trends and future prospects / David M. Mousdale and Brian McNeil -- Flux control analysis and stoichiometric network modeling : basic principles and industrial applications / E.M.T. El-Mansi, Gregory Stephanopoulos, and Ross P. Carlson -- Enzyme and cofactor engineering : current trends and future prospects in the pharmaceutical and fermentation industries / George N. Bennett and Ka-Yiu San -- Conversion of renewable resources to biofuels and fine chemicals : current trends and future prospects / Aristos A. Aristidou ... [et al.] -- Functional genomics : current trends, tools, and future prospects in the fermentation and pharmaceutical industries / Surendra K. Chikara -- Beyond cells : culturing complex plant tissues for the production of metabolites and elite genotypes / Pamela J. Weathers, Melissa J. Towler, and Barbara E. Wyslouzil -- Cell immobilization and its applications in biotechnology : current trends and future prospects / Ronnie G. Willaert -- Biosensors in bioprocess monitoring and control : current trends and future prospects / Chris E. French and Chris Gwenin -- Solid-state fermentation : current trends and future prospects / Lalita Devi G ... [et al.] -- Bioreactors : design, operation, and applications / Anthony R. Allman -- Control of industrial fermentations : an industrial perspective / Craig J.L. Gershater and César Arturo Aceves-Lara -- Monitoring and control strategies for ethanol production in Saccharomyces cerevisiae / Gilles Roux, Zetao Li, and Boutaib Dahhou. | |
| 650 | 1 | 2 | _aIndustrial Microbiology. |
| 650 | 2 | 2 |
_aFermentation _xphysiology. |
| 650 | 2 | 2 | _aMicrobiological Techniques. |
| 700 | 1 | _aEl-Mansi, Mansi. | |
| 906 |
_a7 _bcbc _corignew _d1 _eecip _f20 _gy-gencatlg |
||
| 942 |
_2ddc _cBK |
||